000 00730nam a2200241Ia 4500
003 OSt
005 20220926000544.0
006 a|||||r|||| 00| 0
007 ta
008 220923b |||||||| |||| 00| 0 eng d
037 _cGeneral Book
040 _aRTL
_cRTL
_beng
041 _2eng
_aeng
082 _aX91:545.2.N7, L8
110 _aIndian Institute of Foreign Trad
_9302747
245 0 _aRole of state small industries and export corporat
260 _a New Delhi
_bIndian Institute of Foreign Trad
_c1978
300 _a118p.
_ccm.
650 _aIndustrial Economics
700 _aIndian Institute of Foreign Trad
_9302748
942 _hX91:545.2.N7, L8
_cGB
_2CC
999 _c599266
_d599266